000 00944nam a2200253Ia 4500
003 OSt
005 20221005110426.0
006 a|||||r|||| 00| 0
007 ta
008 221004b |||||||| |||| 00| 0 hin d
020 _a9789380146560 (hbk)
_c195
024 _a106028
037 _b12962, 19/03/2011, Kitab Ghar
_cTextual
040 _aCRL
_cCRL
_bhin
041 _2hin
_ahin
082 _aQ8441:(R), 152Q0
100 _aसत्येन्द्र पाल सिंह
_9160504
245 0 _aसिख धर्म दर्शन के मूल तत्व
246 _aSikh dharma darshan ke mūl tatva
260 _aनई दिल्ली
_bकिताबघर प्रकाशन भारत
_c2010
300 _a128पृ0
_ccm.
942 _hQ8441:(R), 152Q0
_cTEXL
_2cc
999 _c1018766
_d1018766